000 00678nam a2200205Ia 4500
003 GCL
008 140319s9999 xx 000 0 ara d
040 _aGCL /
_cGCL
082 0 4 _a218.3
_bع م
100 1 _aعبدالله محمود شحاته
245 1 0 _aمنهج الامام محمد عبده فى تفسير القران الكريم /
_cعبدالله محمود شحاته
260 _a[S.N] :
_bالمجلس الاعلى لرعاية الفنون والاداب ،
_c1984
300 _a265 ص
490 _a
650 0 4 _aالاسلام
650 0 4 _aتفاسير
650 0 4 _aمحمد عبده (الامام)
650 0 4 _aالقران
942 _2ddc
_cBK
999 _c28263
_d28263